| 000 | 00354nam a22001457a 4500 | ||
|---|---|---|---|
| 008 | 250228b |||||||| |||| 00| 0 eng d | ||
| 020 | _a9780323826228 | ||
| 050 |
_aRS57 _b.O33 |
||
| 100 | _aOgden,Sheila | ||
| 245 | _aCalculations of Drug Dosages;A work Text | ||
| 250 | _a12th | ||
| 260 |
_aMissouri _bElsevier _c2022 |
||
| 300 | _axx,629p | ||
| 942 | _cBK | ||
| 999 |
_c2016 _d2016 |
||